La reconstrucción del pensamiento religioso en el islam /

Збережено в:
Бібліографічні деталі
Автор: Iqbal, Alamah Muhammad (autor)
Формат: Книга
Мова:Іспанська
Опубліковано: Madrid, España : Barcelona, España : Trotta ; UNESCO, Asociación para el Diálogo Interreligioso, 2002, c2002
Серія:(Materiales para el Diálogo Interreligioso ; 2)
Предмети:
Теги: Додати тег
Немає тегів, Будьте першим, хто поставить тег для цього запису!

MARC

LEADER 00000nam^a2200000^a^4500
001 000380733
005 20250521000000.0
009 20260310120619.731
020 |a 84-8164-505-2 
037 |a Acervo ITESO - Biblioteca 
041 |a ESP 
082 |a 297. 2  |b IQB 
100 |a Iqbal, Alamah Muhammad  |e (autor) 
245 1 3 |a La reconstrucción del pensamiento religioso en el islam /  |c A.M. Iqbal ; tr. por José Esteban Calderón. 
264 4 |a Madrid, España :  |b Trotta ;  |a Barcelona, España :  |b UNESCO, Asociación para el Diálogo Interreligioso,  |c 2002, c2002 
300 |a 181 p. 
336 |a texto  |b txt  |2 rdacontenido 
337 |a sin mediación  |b n  |2 rdamedio 
338 |a volumen  |b nc  |2 rdasoporte 
440 1 |a (Materiales para el Diálogo Interreligioso ;  |v 2) 
500 |a Traducción de: The Reconstruction of Religious Thought in Islam 
649 |a XX 
650 |a Teología Doctrinal -  |x Tema Principal 
650 |a Filosofía Islámica 
650 |a Filosofía y Religión 
650 |a Islamismo -  |x Historia -  |y Siglo XX 
650 |a Islamismo -  |x Tema Principal 
650 |a Religión 
910 |a Fondo General 
920 |a Impresos - Libros 
930 |a Colección General 
905 |a 101 
901 |a 0500275316  |b IT1  |c ACC  |i C152039  |u 20250521 
902 |a https://opac.biblio.iteso.mx/vufind/Record/000380733